| 000 | 00728cam a2200229 4500 | ||
|---|---|---|---|
| 008 | 090401t1991 xxu||||| |||| 00| 0 eng d | ||
| 020 | _a1874059004 | ||
| 035 | _a(Sirsi) u62040 | ||
| 041 | _aeng | ||
| 050 | _a333.70285 | ||
| 110 |
_aAssociation for Geographic Information _9166 |
||
| 245 | _aGIS dictionary: an alphabetical list of the terms and their definitions relating to geographical information and its associated technologies. version No. 1.1 | ||
| 260 |
_aLondon _bAssociation for Geographic Information _c1991 |
||
| 300 | _a23p. ; 30cm. | ||
| 350 | _a0 | ||
| 490 |
_aStandards Publication _v1 |
||
| 650 | _aDICTIONARIES | ||
| 650 | _aGIS | ||
| 690 | _aLAND SURVEYING | ||
| 942 | _n0 | ||
| 948 | _c04/03/1997 | ||
| 999 |
_c94368 _d94368 |
||